Statistics for Nba Players by Letter: A

Click here to take the quiz!

General Stats

  • This quiz has been taken 6 times
  • The average score is 4 of 28

Answer Stats

HintAnswer% Correct
MINAndrew Wiggins
75%
NOPAnthony Davis
75%
BOSAl Horford
50%
DETAndre Drummond
50%
GSWAndre Iguodala
50%
ORLAaron Gordon
25%
PORAl- Farouq Aminu
25%
BRKAllen Crabbe
25%
PHIAmir Johnson
25%
MEMAvery Bradley
25%
INDAaron Holiday
0%
OKCAbdel Nader
0%
BRKAlan Williams
0%
SACAlec Burks
0%
LALAlex Caruso
0%
ATLAlex Len
0%
ATLAlex Poythress
0%
GSWAlfonzo Mckinnie
0%
INDAlize Johnson
0%
NYKAllonzo Trier
0%
ORLAmile Jefferson
0%
OKCAndre Roberson
0%
PORAnfernee Simons
0%
LACAngel Delgado
0%
CLEAnte Zizic
0%
CHIAntonio Blakeney
0%
BOSAron Baynes
0%
HOUAustin Rivers
0%

Score Distribution

Percentile by Number Answered

Percent of People with Each Score

Your Score History

You have not taken this quiz